Statistiken für 10 am wenigsten besuchte Länder in Afrika

Klicken Sie hier um das Quiz zu spielen!

Allgemein

  • Dieses Quiz wurde 258 mal gespielt
  • Das Durchschnittsergebnis liegt bei 6 aus 10

Antwortstatistiken

RankNo.BesucherLand% Korrekt
656,000Guinea
73%
763,000Dschibuti
72%
530,000Guinea - Bissau
67%
16,000Äquatorialguinea
66%
321,000Komoren
61%
210,000Sao Tome und Principe
61%
981,000Sierra Leone
60%
871,000Zentralafrikanische Republik
59%
429,000Mauretanien
56%
1093,000Libyen
47%

Verteilung der Resultate

Perzentil nach korrekt beantworteten Fragen

Anzahl Personen mit jedem Resultat

Ihre Resultats-Entwicklung

Sie haben dieses Quiz noch nicht gespielt